|
|
|
|
| LEADER |
00000cam a22000002c 4500 |
| 001 |
1091438897 |
| 003 |
DE-627 |
| 005 |
20220514124941.0 |
| 007 |
tu |
| 008 |
900828s1983 xx ||||| 00| ||eng c |
| 035 |
|
|
|a (DE-627)1091438897
|
| 035 |
|
|
|a (DE-576)021438897
|
| 035 |
|
|
|a (DE-599)BSZ021438897
|
| 035 |
|
|
|a (OCoLC)311316471
|
| 040 |
|
|
|a DE-627
|b ger
|c DE-627
|e rakwb
|
| 041 |
|
|
|a eng
|
| 100 |
1 |
|
|a Wiederanders, Mark R.
|4 aut
|
| 245 |
1 |
0 |
|a Success on parole
|b the influence of self-reported attitudes, experiences and background characteristics on the parole behaviors of youthful offenders; final report
|c Mark R. Wiederanders
|
| 264 |
|
1 |
|a Sacramento
|b Youth and Adult Correctional Agency
|c 1983
|
| 300 |
|
|
|a IV, 89 S.
|
| 336 |
|
|
|a Text
|b txt
|2 rdacontent
|
| 337 |
|
|
|a ohne Hilfsmittel zu benutzen
|b n
|2 rdamedia
|
| 338 |
|
|
|a Band
|b nc
|2 rdacarrier
|
| 583 |
1 |
|
|a Archivierung prüfen
|c 20200919
|f DE-640
|z 2
|2 pdager
|
| 951 |
|
|
|a BO
|
| ELC |
|
|
|b 1
|
| LOK |
|
|
|0 000 xxxxxcx a22 zn 4500
|
| LOK |
|
|
|0 001 2149962462
|
| LOK |
|
|
|0 003 DE-627
|
| LOK |
|
|
|0 004 1091438897
|
| LOK |
|
|
|0 005 20020606000000
|
| LOK |
|
|
|0 008 900828||||||||||||||||ger|||||||
|
| LOK |
|
|
|0 040
|a DE-21
|c DE-627
|d DE-21
|
| LOK |
|
|
|0 852
|a DE-21
|
| LOK |
|
|
|0 852 1
|c KB 5 E 904
|9 00
|
| LOK |
|
|
|0 935
|a krim
|
| LOK |
|
|
|0 936ln
|a k13.2.1.1
|
| LOK |
|
|
|0 939
|a 28-08-90
|b l01
|
| ORI |
|
|
|a SA-MARC-krimdoka001.raw
|
| SIG |
|
|
|a UB: KB 5 E 904
|